[Event "Latschach op 25th"]
[Site "Latschach"]
[Date "2009.08.09"]
[Round "2"]
[White "Paulmichl, Martin"]
[Black "Guido, Flavio"]
[Result "0-1"]
[WhiteElo "2092"]
[BlackElo "2400"]
[PlyCount "72"]
[EventDate "2009.08.08"]
[EventType "swiss"]
[EventRounds "9"]
[EventCountry "AUT"]
[SourceTitle "CBM 131 Extra"]
[Source "ChessBase"]
[SourceDate "2009.09.03"]
[SourceVersion "2"]
[SourceVersionDate "2009.09.16"]
[SourceQuality "1"]

1. d4 Nf6 2. Bg5 Ne4 3. Bh4 c5 4. f3 g5 5. fxe4 gxh4 6. e3 Bh6 7. Bc4 d5 8. Bxd5 e6 9. Bc4 Bxe3 10. d5 Qf6 11. Nf3 Qxb2 12. Nbd2 Qg7 13. Rb1 Qxg2 14. Rf1 b6 15. Bb5+ Bd7 16. Nc4 Bf4 17. Rg1 Qh3 18. Nd6+ Bxd6 19. Bf1 Qxh2 20. Nxh2 Bxh2 21. Rh1 Bg3+ 22. Kd2 Rg8 23. Bh3 exd5 24. Qf3 Bxh3 25. Rxh3 Nc6 26. exd5 Ne5 27. Qe2 Rg5 28. Qb5+ Ke7 29. Rf1 Rd8 30. c4 Rg4 31. Rxg3 hxg3 32. Re1 Kd6 33. Kd1 g2 34. Qb2 Rd4+ 35. Kc2 Rg8 36. Kb1 g1Q 0-1

[Event "Coulsdon Jessie Gilbert"]
[Site "Coulsdon"]
[Date "2008.08.16"]
[Round "1"]
[White "Rendle, Thomas E"]
[Black "Paulmichl, Martin"]
[Result "1-0"]
[WhiteElo "2363"]
[BlackElo "2099"]
[PlyCount "53"]
[EventDate "2008.08.16"]
[EventType "swiss"]
[EventRounds "10"]
[EventCountry "ENG"]
[SourceTitle "CBM 125 Extra"]
[Source "ChessBase"]
[SourceDate "2008.09.01"]
[SourceVersion "1"]
[SourceVersionDate "2008.09.01"]
[SourceQuality "1"]

1. f4 f5 2. e4 fxe4 3. d3 e3 4. Bxe3 Nf6 5. Nf3 d6 6. Nc3 g6 7. d4 Bg7 8. d5 0-0 9. Bc4 Ng4 10. Qd2 Nxe3 11. Qxe3 Bf5 12. Ng5 Na6 13. 0-0-0 Nc5 14. h3 a6 15. g4 Bd7 16. Nce4 Na4 17. c3 h6 18. Ne6 Bxe6 19. dxe6 c6 20. Bb3 Qa5 21. Nxd6 Nc5 22. Nf7 Qb5 23. f5 Nxb3+ 24. axb3 gxf5 25. gxf5 Kh7 26. Rhg1 Qxf5 27. Rg4 1-0

[Event "ITA-chT"]
[Site "Italy"]
[Date "1993.??.??"]
[Round "2"]
[White "Pastres, Roberto"]
[Black "Paulmichl, Martin"]
[Result "0-1"]
[WhiteElo "2225"]
[BlackElo "1956"]
[PlyCount "106"]
[EventDate "1993.??.??"]
[EventType "team-tourn"]
[EventRounds "9"]
[EventCountry "ITA"]
[SourceTitle "EXT 2024"]
[Source "ChessBase"]
[SourceDate "2023.10.10"]
[SourceVersion "1"]
[SourceVersionDate "2023.10.10"]
[SourceQuality "1"]

1. e4 c5 2. Nf3 d6 3. d4 cxd4 4. Nxd4 Nf6 5. Nc3 a6 6. f4 e5 7. Nf3 Nbd7 8. a4 b6 9. Bc4 Qc7 10. Qe2 Be7 11. 0-0 Bb7 12. fxe5 dxe5 13. Nh4 0-0 14. Nf5 Bb4 15. Bg5 Bxc3 16. bxc3 Bxe4 17. Nh6+ gxh6 18. Bxf6 Nxf6 19. Rxf6 Bg6 20. Raf1 Rac8 21. Bxa6 Ra8 22. Bb5 Qxc3 23. Rxb6 Qd4+ 24. Qf2 Bxc2 25. Qxd4 exd4 26. Rf4 Rfd8 27. Rf2 Bxa4 28. Bc4 Be8 29. Rd2 Kg7 30. Rd3 Ra5 31. h4 Rc5 32. Rg3+ Kf8 33. Bd3 Rc3 34. Kh2 h5 35. Rh6 Rd5 36. Rxh7 Re5 37. Rhg7 Bd7 38. Rg8+ Ke7 39. Bf1 Bg4 40. Ra8 Ree3 41. Rxe3+ dxe3 42. Bb5 Kd6 43. Ra2 Kc5 44. Be2 Bxe2 45. Rxe2 Kd4 46. Kg3 Ke4 47. Ra2 Rc6 48. Ra4+ Kd3 49. Ra3+ Kd2 50. Ra2+ Rc2 51. Ra7 Rc3 52. Ra2+ Kd1 53. Ra1+ Rc1 0-1

[Event "Caorle op-B"]
[Site "Caorle"]
[Date "1991.07.13"]
[Round "8.29"]
[White "Giacomelli, Gianni"]
[Black "Paulmichl, Martin"]
[Result "1-0"]
[WhiteElo "1800"]
[BlackElo "1863"]
[PlyCount "75"]
[EventDate "1991.07.05"]
[EventType "swiss"]
[EventRounds "8"]
[EventCountry "ITA"]
[SourceTitle "EXT 2023"]
[Source "ChessBase"]
[SourceDate "2022.10.05"]
[SourceVersion "1"]
[SourceVersionDate "2022.10.05"]
[SourceQuality "1"]

1. d4 Nf6 2. Bg5 d5 3. Nf3 Ne4 4. Bf4 Nd7 5. Nfd2 Ndf6 6. f3 Nxd2 7. Nxd2 Bf5 8. e3 e6 9. c4 a5 10. Be2 Nh5 11. Be5 f6 12. Bg3 Nxg3 13. hxg3 Bg6 14. f4 a4 15. Bh5 Bxh5 16. Qxh5+ g6 17. Qg4 Kf7 18. cxd5 Qxd5 19. Qe2 Bb4 20. Kf2 c5 21. Nf3 Rad8 22. a3 Ba5 23. Rhd1 b6 24. Rac1 cxd4 25. Rxd4 Qb7 26. Rxa4 Rc8 27. Rac4 b5 28. Rxc8 Rxc8 29. Rxc8 Qxc8 30. Qxb5 Qc2+ 31. Qe2 Qb1 32. b4 Bb6 33. Qd2 Qa1 34. Qd7+ Kf8 35. Qc8+ Kg7 36. Qb7+ Kh6 37. Qxb6 Qb2+ 38. Kg1 1-0

[Event "Secondario 15th"]
[Site "Caorle"]
[Date "1990.07.11"]
[Round "5.39"]
[White "Viaggi, Stefano"]
[Black "Paulmichl, Martin"]
[Result "0-1"]
[WhiteElo "1815"]
[BlackElo "1845"]
[PlyCount "126"]
[EventDate "1990.07.07"]
[EventType "swiss"]
[EventRounds "8"]
[EventCountry "ITA"]
[SourceTitle "EXT 2023"]
[Source "ChessBase"]
[SourceDate "2022.10.05"]
[SourceVersion "1"]
[SourceVersionDate "2022.10.05"]
[SourceQuality "1"]

1. Nf3 c5 2. b3 Nc6 3. Bb2 d6 4. e3 e6 5. Be2 Nf6 6. 0-0 Be7 7. c4 0-0 8. Nc3 a6 9. d4 cxd4 10. Nxd4 Bd7 11. Rc1 Rc8 12. Bf3 Nxd4 13. Qxd4 Bc6 14. Bxc6 Rxc6 15. Rfd1 Qa5 16. Rd2 Rfc8 17. e4 Nh5 18. g3 Bg5 19. f4 e5 20. Qd5 Qb6+ 21. Kh1 Nf6 22. Qd3 exf4 23. gxf4 Bxf4 24. Rg1 Qe3 25. Qxe3 Bxe3 26. Nd5 Bxg1 27. Ne7+ Kf8 28. Nxc6 Nxe4 29. Rg2 g6 30. Nd4 Bxd4 31. Bxd4 f5 32. Kg1 Kf7 33. Kf1 Re8 34. Rc2 Rc8 35. Re2 Ke6 36. Kg2 h5 37. h4 Rg8 38. Kf3 Kf7 39. Kf4 Re8 40. Re1 Re6 41. Rd1 Ke7 42. Rg1 Nd2 43. Bf2 Re4+ 44. Kg3 Ke6 45. Kh3 Rg4 46. Re1+ Ne4 47. Bd4 Kd7 48. Bg1 Kc6 49. Be3 d5 50. cxd5+ Kxd5 51. Rd1+ Ke6 52. Bb6 Nc3 53. Rd2 Nd5 54. Bd8 Ke5 55. Kh2 Ke4 56. Bg5 f4 57. Re2+ Ne3 58. a4 Kd3 59. Re1 Kd2 60. Rb1 f3 61. Rb2+ Kd3 62. b4 Rg2+ 63. Rxg2 Nxg2 0-1